Score 0/30 Timer 04:00
2 Plays Today
% Correct
Japan
95%
Pakistan
93.1%
Afghanistan
91.2%
Iran
91%
Iraq
90.7%
Vietnam
90.4%
Laos
88.3%
Nepal
87.1%
Israel
86.8%
Thailand
86.8%
Kazakhstan
86.6%
Turkmenistan
86.3%
Oman
86%
Yemen
85.8%
Uzbekistan
85.4%
% Correct
Jordan
83.9%
Azerbaijan
80.7%
Bangladesh
80.2%
Tajikistan
80%
Kyrgyzstan
79.6%
Bhutan
78.3%
Myanmar
78.2%
Qatar
78.2%
UAE
77.7%
Kuwait
77.6%
Lebanon
76.6%
Philippines
75.9%
Taiwan
72.8%
Bahrain
72.5%
Maldives
60.2%
Remove Ads.
Support Sporcle.
Get the best of Sporcle when you Go Orange. This ad-free experience offers more features, more stats, and more fun while also helping to support Sporcle. Thank you for becoming a member.

You're not logged in!

Compare scores with friends on all Sporcle quizzes.
OR
Log In

Show Comments

Extras

Top Quizzes Today


Score Distribution

Your Account Isn't Verified!

In order to create a playlist on Sporcle, you need to verify the email address you used during registration. Go to your Sporcle Settings to finish the process.

Report this User

Report this user for behavior that violates our Community Guidelines.

Details: